Zaistenie

Enregistré dans:
Détails bibliographiques
Auteur principal: Krátka, Zuzana, 1968-
Collectivité auteur: Ekonomická univerzita v Bratislave. Národohospodárska fakulta
Autres auteurs: Siroková, Andrea, Drugdová, Barbora
Format: Livre
Langue:slovaque
Publié: Bratislava Vydavateľstvo EKONÓM 2007
Sujets:
Tags: Ajouter un tag
Pas de tags, Soyez le premier à ajouter un tag!

MARC

LEADER 00000nam$a2200000$$$4500
001 0067678
005 20240502071820.5
020 |a 978-80-225-2411-7 
041 0 |a slo 
044 |a SK 
245 1 0 |a Zaistenie  |c Zuzana Krátka 
264 1 |a Bratislava  |b Vydavateľstvo EKONÓM  |c 2007 
300 |a 161 s. 
610 2 0 |a zaistenie 
610 2 0 |a poistenie 
610 2 0 |a pojmy 
610 2 0 |a riziko 
610 2 0 |a produkty 
610 2 0 |a trh 
610 2 0 |a riadenie rizík 
610 2 0 |a modelovanie 
610 2 0 |a manažment 
610 2 0 |a pohromy živelné 
100 1 |a Krátka, Zuzana, 1968- 
700 1 |a Siroková, Andrea 
700 1 |a Drugdová, Barbora 
710 2 |a Ekonomická univerzita v Bratislave. Národohospodárska fakulta